Statistiques concernant Les musées les plus visités en France!

Cliquez ici pour prendre le quiz!

Statistiques générales

  • Ce quiz a été pris 87 fois
  • Le résultat moyen est 7 sur 50

Statistiques - réponses

Par OrdreVilleMusée% Correct
1erParisMusée du Louvre
89%
4eParisEtablissement Public du Musée d'Orsay
73%
2eVersaillesEtablissement Public du Musée et du Domaine National de Versailles
73%
6eParisMusée du Quai Branly
41%
44eArrasMusée des Beaux-Arts
34%
37eNantesMusée des Beaux-Arts de Nantes
34%
3eParisMusée National d'Art Moderne (Centre National d'Art et de Culture Georges Pompidou)
29%
18eParisPetit Palais, Musée des Beaux-Arts de la ville de Paris
29%
15eParisMusée d'Art Moderne de la ville de Paris
24%
19eTerreauxMusée des Beaux-Arts
24%
29eRoubaixLa Piscine - Musée d'Art et d'Industrie André Diligent
19%
5eParisMusée de l'Armée
19%
17eCaenMémorial de Caen
16%
25eBloisChâteau Musées de Blois
13%
16eMontpellierMusée Fabre
13%
8eParisGrande Galerie de l'Evolution (Muséum National d'Histoire Naturelle)
11%
22eArromanches-les-BainsMusée du Débarquement
11%
34eAlbiMusée Toulouse Lautrec
11%
11eParisMusée Carnavalet-Histoire de Paris
10%
7eParisMusée National de L'Orangerie des Tuileries
10%
35eToulouseMuséum d'Histoire Naturelle
10%
14eParisMusée du Château de Fontainebleau
9%
9eParisMusée National Auguste Rodin
9%
40eMulhouseMusée National de l'Automobile - Collection Schlumpf
9%
23eClunyMusée National du Moyen Age-Thermes de Cluny
9%
27eParisLes Catacombes
8%
33eLe BourgetMusée de l'Air et de l'Espace
8%
38eLunévilleMusée du Château de Lunéville
8%
20eLillePalais des Beaux-Arts de Lille
8%
48eGrignanChâteau de Grignan
6%
36eParisMaison de Victor Hugo
6%
50eBordeauxMusée d'Aquitaine
6%
45eNantesMusée du Château des Ducs de Bretagne
6%
41eToulouseMusée des Augustins
5%
31eParisMusée National des Techniques (Conservatoire National des Arts et Métiers)
5%
12eParisMusées Arts Décoratifs Mode et du Textile
5%
26eParisEtablissement Public du Musée des Arts Asiatiques Guimet
4%
39eParisMusée de la Musique
4%
49eLilleLAM - Lille Métropole Musée d'Art Moderne d'Art Contemporain et d'Art Brut
3%
42eGrenobleMusée de Grenoble
3%
43eParisMusée National de la Marine
3%
13eParisCentre Pompidou de Metz
1%
46eParisCrypte Archéologique du Parvis Notre-Dame
1%
32eParisEtablissement public de la Porte Dorée - Aquarium Tropical
1%
21eParisGalerie d'Anatomie Comparée et de Paléontologie (Muséum d'Histoire Naturelle)
1%
10eParisMusée d'Art et d'Histoire
1%
24eParisMusée des Monuments Français
1%
28eBaux-de-ProvenceMusée d'Histoire et d'Archéologie des Baux-de-Provence
1%
47eNiceMusée National Message Biblique Marc Chagall
1%
30eBesançonMuséum de Besançon
1%

Distribution des résultats

Percentile par nombre de réponses

% des personnes avec chaque résultat

Votre développement - résultats

Vous n’avez pas pris ce quiz